| 000 | 00494nam a22001937a 4500 | ||
|---|---|---|---|
| 005 | 20230610132312.0 | ||
| 008 | 230610b ||||| |||| 00| 0 eng d | ||
| 020 | _a9789382951926 | ||
| 040 |
_aIN-DiNC _cIN-DiNC |
||
| 041 | _dasm | ||
| 082 |
_a808.80353 _bKHE |
||
| 100 |
_aKhera, Shiv _eauthor |
||
| 245 |
_aBijay aponar/ _cby Shiv Khera |
||
| 260 |
_aNew Delhi: _bBloomsbury, _c2016. |
||
| 300 | _a300p. | ||
| 650 | _aYou can win | ||
| 650 | _aSuccess mantra or story | ||
| 942 |
_2ddc _cBK |
||
| 999 |
_c11559 _d11559 |
||